Launch of rooftop wind turbine pilot (Record no. 117370)

MARC details
000 -LEADER
fixed length control field 00961cam a2200217 4500
001 - CONTROL NUMBER
control field WB4019-07
008 - FIXED-LENGTH DATA ELEMENTS--GENERAL INFORMATION
fixed length control field 040518n2004 000 0 eng u
035 ## - SYSTEM CONTROL NUMBER
System control number (Sirsi) u126228
245 ## - TITLE STATEMENT
Title Launch of rooftop wind turbine pilot
260 ## - PUBLICATION, DISTRIBUTION, ETC.
Date of publication, distribution, etc. 2004
490 ## - SERIES STATEMENT
Series statement Scottish Executive News Release
Volume/sequential designation (SEel336a/2004) 18 May 2004 (4)
520 ## - SUMMARY, ETC.
Summary, etc. Rooftop turbines are being installed at each of five Fife primary schools which if successful could be sited on houses and buildings across Scotland. The turbines were developed by Renewables Devices Limited and can generate up to 4000 kw hours of green electricity a year, saving up to 1720kg of carbon dioxide. For the Scottish Executive News Release: http://www.scotland.gov.uk/pages/news/2004/05/SEel 336a.aspx
590 ## - LOCAL NOTE (RLIN)
Local note WB
590 ## - LOCAL NOTE (RLIN)
Local note WB
650 ## - SUBJECT ADDED ENTRY--TOPICAL TERM
Topical term or geographic name entry element SCOTLAND
650 ## - SUBJECT ADDED ENTRY--TOPICAL TERM
Topical term or geographic name entry element WIND TURBINES
650 ## - SUBJECT ADDED ENTRY--TOPICAL TERM
Topical term or geographic name entry element SCHOOL BUILDINGS
650 ## - SUBJECT ADDED ENTRY--TOPICAL TERM
Topical term or geographic name entry element RENEWABLE ENERGY
690 ## - LOCAL SUBJECT ADDED ENTRY--TOPICAL TERM (OCLC, RLIN)
Topical term or geographic name as entry element ENERGY-EFFICIENCY
942 ## - ADDED ENTRY ELEMENTS (KOHA)
Suppress in OPAC 0
Holdings
Withdrawn status Lost status Source of classification or shelving scheme Damaged status Not for loan Home library Current library Shelving location Date acquired Total Checkouts Full call number Barcode Date last seen Copy number Price effective from Koha item type
    Dewey Decimal Classification     London London News article 18/05/2004   WB4019-07 126228-1001 06/08/2019 1 06/08/2019 News article